000 00318nam a2200121Ia 4500
008 220214s9999 xx 000 0 und d
100 _aFernando DM
245 4 _aThe Increased use of SALB resistant material in Eastern rubber planting
260 _bNot available
300 _a7p
700 _aPeries OS
942 _cRE
999 _c46363
_d46363